Handwerks-Zunftwappen benennen - Statistiken

Allgemein
  • Dieses Quiz wurde 46 mal gespielt
  • Das Durchschnittsergebnis liegt bei 6 aus 16
Antwortstatistiken
Bildquiz Antwort % Korrekt
Fischer
100%
Schlachter
93%
Bäcker
79%
Maurer
79%
Schmiede
57%
Schuster
40%
Sattler
31%
Dachdecker
21%
Schneider
21%
Maler
12%
Zimmerer
12%
Gerber
7%
Müller
5%
Weber
5%
Kürschner
2%
Tuchmacher
2%
Keine übereinstimmenden Quizze gefunden
Verteilung der Resultate
Anzahl Personen mit jedem Resultat
Perzentil nach korrekt beantworteten Fragen
Ihre Resultats-Entwicklung
Sie haben dieses Quiz noch nicht gespielt